书目信息 |
| 题名: |
井巷设计与施工
|
|
| 作者: | 李长权 , 杨建中 主编 | |
| 分册: | ||
| 出版信息: | 北京 冶金工业出版社 2008.04 |
|
| 页数: | 235页 | |
| 开本: | 26cm | |
| 丛书名: | ||
| 单 册: | ||
| 中图分类: | TD26 | |
| 科图分类: | ||
| 主题词: | 井巷工程--jing xiang gong cheng--工程设计--高等学校--教材 | |
| 电子资源: | ||
| ISBN: | 978-7-5024-4470-9 | |
| 000 | 00990nam0 2200265 450 | |
| 001 | 012008732640 | |
| 005 | 20080523095812.14 | |
| 010 | @a978-7-5024-4470-9@dCNY32.00 | |
| 100 | @a20080523d2008 em y0chiy0120 ea | |
| 101 | 0 | @achi |
| 102 | @aCN@b110000 | |
| 105 | @aak a 000yy | |
| 106 | @ar | |
| 200 | 1 | @a井巷设计与施工@Ajing xiang she ji yu shi gong@f李长权, 杨建中主编@Fli chang quan,yang jian zhong zhu bian |
| 210 | @a北京@c冶金工业出版社@d2008.04 | |
| 215 | @a235页@c图@d26cm | |
| 300 | @a高职高专规划教材 | |
| 320 | @a有书目 (第235页) | |
| 330 | @a本书详细阐述了冶金矿山井巷的设计方法及施工技术,取材按照理论联系实际的原则,紧密结合生产实际,力求反映在平巷、天井、竖井、斜井和硐室的设计与施工中所采用的新方法和新技术。 | |
| 606 | 0 | @a井巷工程@Ajing xiang gong cheng@x工程设计@x高等学校@j教材 |
| 690 | @aTD26@v4 | |
| 701 | 0 | @a李长权@Ali chang quan@4主编 |
| 701 | 0 | @a杨建中@Ayang jian zhong@4主编 |
| 801 | 0 | @aCN@bQSSK@c20080523 |
| 905 | @b713164-65@dTD26@eL135@f2 | |
| 井巷设计与施工/李长权, 杨建中主编.-北京:冶金工业出版社,2008.04 |
| 235页:图;26cm |
| 高职高专规划教材 |
| ISBN 978-7-5024-4470-9:CNY32.00 |
| 本书详细阐述了冶金矿山井巷的设计方法及施工技术,取材按照理论联系实际的原则,紧密结合生产实际,力求反映在平巷、天井、竖井、斜井和硐室的设计与施工中所采用的新方法和新技术。 |
| ● |
| 相关链接 |
|
|
|
正题名:井巷设计与施工
索取号:TD26/L135
 
预约/预借
| 序号 | 登录号 | 条形码 | 馆藏地/架位号 | 状态 | 备注 |
| 1 | 713164 | 207131646 | 自科库501/501自科库 20排4列5层/ [索取号:TD26/L135] | 在馆 | |
| 2 | 713165 | 207131655 | 自科库501/501自科库 20排4列5层/ [索取号:TD26/L135] | 在馆 |